Statystyki dla 15 krajów o największej liczbie zgonów Covid19 - 15 czerwca

Kliknij tutaj aby rozwiązać quiz!

Ogólne statystyki

  • Ten quiz został rozwiązany 26 razy
  • Średni wynik to 12 z 20

Statystyki odpowiedzi

kraj% Poprawnych
Stany Zjednoczone
100%
Hiszpania
92%
Rosja
92%
Włochy
88%
Francja
80%
Niemcy
80%
Brazylia
76%
Wielka Brytania
76%
Indie
68%
Kanada
68%
Meksyk
68%
Szwecja
60%
Belgia
44%
Holandia
44%
Iran
44%
Peru
32%
Szwajcaria
32%
Chile
24%
Irlandia
24%
Ekwador
16%

Rozkład punktacji

Percentyl według liczby udzielonych odpowiedzi

Procent ludzi z każdym wynikiem

Twoja historia wyników

Nie rozwiązałeś tego quizu